000 00663nam a2200193Ia 4500
003 GCL
008 140319s9999 xx 000 0 ara d
040 _aGCL /
_cGCL
082 0 4 _a810.91
_bك ر
100 1 _aكمال ابوالديب
245 1 0 _aالرؤى المقنعة نحو منهج بنيوى فى دراسة الشعر الجاهلى /
_cكمال ابوالديب
260 _a[S.N] :
_bالهيئة المصرية العامة للكتاب ،
_c1986
300 _a707 ص
490 _aدراسات ادبية
_v0
650 0 4 _aالادب العربى
650 0 4 _aالعصر الجاهلى
650 0 4 _aتاريخ ونقد
942 _2ddc
_cBK
999 _c28867
_d28867